000 00433nam a2200181Ia 4500
005 20250326130321.0
008 250326s9999 xx 000 0 und d
037 _aTextbook
040 _aFMSL
_beng
_cFMSL
041 _aeng
_2eng
084 _qFMSL
100 _aAgarwal S P
245 0 _aManpower demand
_cAgarwal S P
260 _aNd
_bNd, Meenakshi
_c1970
300 _a368p
942 _cTB
999 _c1281960
_d1281960